000 00470nam a22001697a 4500
999 _c60660
_d60660
005 20231004111540.0
008 231004s1972 enk||||| |||| 00| 0 eng d
041 _aeng
080 _a94 Pho-58
100 _aPhotinos, Spyros
_919990
245 _aOlympia:
_bBrief History and Complete Guide
_cSpyros Photinos
264 _aAthens,
_c1972.
300 _a46 p.:
_bill.;
_c24 cm.
653 _aოლიმპია
653 _aისტორია
942 _2udc
_cBK